000 00632nam a2200253Ia 4500
005 20260121161131.0
008 008 260114s9999 xx 000 0 eng d
020 _a9781003321385
037 _aEBOOK
040 _aCRL
040 _beng
040 _cCRL
041 _2eng
041 _aeng
084 _qCRL
100 _a D D Kosambi
_91040614
245 4 _aThe Culture and Civilisation of Ancient India in HIstorical Outline
260 _bTaylor and Francis
260 _c1965
856 _uhttp://www.taylorfrancis.com/books/9781003321385
942 _cEBOOK
999 _c1607430
_d1607430